| Поле | Инд. | ПП | Название | Значение |
|---|---|---|---|---|
| Тип записи | a | |||
| Библиографический уровень | b | |||
| 001 | Контрольный номер | RU/IS/BASE/257258497 | ||
| 005 | Дата корректировки | 20200522191210.3 | ||
| 008 | Кодируемые данные | 20080225 | ||
| 040 | b | Код языка каталог. | rus | |
| e | Правила каталог. | PSBO | ||
| 041 | 0_ | a | Код языка текста | rus |
| 084 | a | Индекс другой классификации/Индекс ББК | 83.3(4Юго)6 | |
| 100 | 1_ | a | Автор | Шешкен А. Г. |
| 245 | 10 | a | Заглавие | Поэзия Б. Конеского (к вопросу об особенностях становления и развития современной македонской литературы) |
| 504 | a | Библиография | Библиогр. - Примеч.: с. 59 - 61 | |
| 600 | a | Персоналии | Конеский Блаже | |
| 650 | a | Основная рубрика | история литературы | |
| a | Основная рубрика | литературоведение | ||
| a | Основная рубрика | филологические науки | ||
| 653 | 1_ | a | Ключевые слова | XX век |
| a | Ключевые слова | лирика | ||
| a | Ключевые слова | Македония | ||
| a | Ключевые слова | перевод | ||
| a | Ключевые слова | поэзия | ||
| a | Ключевые слова | стихотворения | ||
| a | Ключевые слова | художественный перевод | ||
| a | Ключевые слова | Югославия | ||
| 773 | 0_ | t | Заглавие источника | Вестник Московского университета. Серия 9, Филология |
| d | Дата издания источника | 2007 | ||
| g | Прочая информация | № 2. - С. 49 - 61 | ||
| w | Контрольный № источника | RU/IS/BASE/236181942 | ||
| 901 | t | Тип документа | b |